Countries Ilir Meta has Visited - Statistics

General Stats
  • This quiz has been taken 34 times
    25 since last reset
  • The average score is 8 of 11
Answer Stats
Continent Country % Correct
Europe Germany
100%
Europe Croatia
94%
Europe France
94%
Europe Italy
94%
Europe Bosnia and Herzegovina
75%
Europe Hungary
75%
Europe Kosovo
69%
Europe North Macedonia
69%
Europe Denmark
56%
Europe Malta
50%
Europe San Marino
19%
No matching quizzes found
Score Distribution
Percent of People with Each Score
Percentile by Number Answered
Your Score History
You have not taken this quiz since the last reset